Normal view
MARC view
- ابو اصبع،صالح ، عصفور،محمد ، عبيد الله،محمد ، ربابعة،يوسف/مراجعة وتحرير
Entry Personal Name
001 - CONTROL NUMBER
- control field: 33592
003 - CONTROL NUMBER IDENTIFIER
- control field: JO-AjAnu
005 - DATE AND TIME OF LATEST TRANSACTION
- control field: 20230606075632.0
008 - FIXED-LENGTH DATA ELEMENTS
- fixed length control field: 230606|| aca||aabn | a|a d
040 ## - CATALOGING SOURCE
- Original cataloging agency: JO-AjAnu
- Transcribing agency: JO-AjAnu
100 ## - HEADING--PERSONAL NAME
- Personal name: ابو اصبع،صالح ، عصفور،محمد ، عبيد الله،محمد ، ربابعة،يوسف/مراجعة وتحرير
670 ## - SOURCE DATA FOUND
- Source citation: Work cat.: (JO-AjAnu)17257: ابو اصبع،صالح ، عصفور،محمد ، عبيد الله،محمد ، ربابعة،يوسف/مراجعة وتحرير, author, ثقافة الحب والكراهية:مؤتمر فيلادلفيا الدولي الثالث عشر27-29 تشرين الاول(اكتوبر) 2008 ،بحوث محكمة